Central European Capitals - Statistics

General Stats
  • This quiz has been taken 42 times
  • The average score is 8 of 9
Answer Stats
Hint Answer % Correct
Germany Berlin
100%
Poland Warsaw
100%
Switzerland Bern
97%
Hungary Budapest
91%
Czech Republic Prague
88%
Austria Vienna
88%
Slovakia Bratislava
81%
Liechtenstein Vaduz
75%
Slovenia Ljubljana
72%
No matching quizzes found
Score Distribution
Percent of People with Each Score
Percentile by Number Answered
Your Score History
You have not taken this quiz